Wird geladen...

കൊയ്ത്തിന്റെ നരവംശസത്യങ്ങൾ : കറുത്തമണികളുടെ കൊയ്ത്ത് /

Bibliographische Detailangaben
1. Verfasser: Rajagopalan,C.R
Format: Printed Book
Sprache:Malayalam
Veröffentlicht: Sukapuram: Vallathol Vidhyapeedam, 2014.
Schlagworte:
LEADER 00881nam a22001817a 4500
008 160318b xxu||||| |||| 00| 0 mal d
999 |c 234386  |d 234386 
020 |a 9789383570072 
082 |a 398.2 RAJ/K 
100 |a Rajagopalan,C.R. 
245 |a കൊയ്ത്തിന്റെ നരവംശസത്യങ്ങൾ :  |c Rajagopalan,C.R.  |b കറുത്തമണികളുടെ കൊയ്ത്ത് / 
260 |a Sukapuram:   |b Vallathol Vidhyapeedam,  |c 2014. 
300 |a 34p. 
650 |a Folklore 
942 |c BK 
246 |a Koythinte naravamsasathyangal:karuthamanikalude koythu 
952 |0 0  |1 0  |4 0  |6 398_200000000000000_RAJ_K  |7 0  |9 260001  |a MAL  |b MAL  |c ST1  |d 2016-03-18  |g 30.00  |l 0  |o 398.2 RAJ/K  |p MAL36170  |r 2016-03-18  |w 2016-03-18  |y BK 
952 |0 0  |1 0  |4 0  |6 398_200000000000000_RAJ_K  |7 0  |9 260002  |a MAL  |b MAL  |c ST1  |d 2017-04-28  |g 30.00  |l 0  |o 398.2 RAJ/K  |p MAL39757  |r 2017-04-28  |w 2017-04-28  |y BK